Vykazovanie trvalej udržateľnosti rozvoja podnikov v podmienkach SR diplomová práca

Salvato in:
Dettagli Bibliografici
Autore principale: Černák, Matej
Ente Autore: Fakulta hospodárskej informatiky EU. Katedra účtovníctva a audítorstva
Altri autori: Pakšiová, Renáta, 1974-
Natura: Libro
Lingua:slovacco
Pubblicazione: Bratislava 2018
Tags: Aggiungi Tag
Nessun Tag, puoi essere il primo ad aggiungerne!!

MARC

LEADER 00000nbm a2200000 4500
001 0243467
005 20181108091022.3
041 0 |a slo 
044 |a SK 
245 1 0 |a Vykazovanie trvalej udržateľnosti rozvoja podnikov v podmienkach SR  |b diplomová práca  |c Matej Černák ; školiteľ: Renáta Pakšiová 
264 1 |a Bratislava  |c 2018 
300 |a 99 s. 
100 1 |a Černák, Matej 
700 1 |a Pakšiová, Renáta, 1974- 
710 2 |a Fakulta hospodárskej informatiky EU. Katedra účtovníctva a audítorstva